Códigos de procedimientos Civiles / (Record no. 18195)

000 -CABECERA
fixed length control field 00969nam a22002177a 4500
003 - IDENTIFICADOR DEL NÚMERO DE CONTROL
control field AR-CdUCM
008 - DATOS DE LONGITUD FIJA--INFORMACIÓN GENERAL
fixed length control field 190228b ||||| |||| 00| 0 spa d
040 ## - FUENTE DE LA CATALOGACIÓN
Agencia/entidad que catalogó originalmente la obra MUNICIPALIDAD PROVINCIAL DEL CUSCO
Entidad que transcribió la catalogación BIBLIOTECA MUNICIPAL DEL CUSCO
082 ## - NÚMERO DE LA CLASIFICACIÓN DECIMAL DEWEY
No. de Clasificación 347.8502 /
Notacion interna G98
No. de la edición 4 ed.
100 ## - ENTRADA PRINCIPAL--NOMBRE DE PERSONA
Nombre Personal Guzmán Ferrer, Fernando.
245 ## - MENCIÓN DE TÍTULO
Título Códigos de procedimientos Civiles /
260 ## - PUBLICACIÓN, DISTRIBUCIÓN, ETC.
Lugar de publicación, distribución, etc. Lima :
Nombre de la editorial, distribuidor, etc. Científica,
Fecha de publicación, distribución, etc. 1982.
300 ## - DESCRIPCIÓN FÍSICA
Nº de Páginas Extensión 537 - 1512 páginas ;
Dimensiones 21 cm.
440 ## - MENCIÓN DE SERIE/PUNTO DE ACCESO ADICIONAL--TÍTULO
Título Legislación Peruana.
9 (RLIN) 28967
505 ## - NOTA DE CONTENIDO CON FORMATO
Nota de contenido formateada Contenido :t.1. Exposición de motivos -- Antecedentes -- Concordancias -- Proyectos de reforma -- Legislación comparada -- Jurisprudencia -- t.2. Juicio ejecutivo -- Tercerías -- Suspensión de pagos -- Procedimientos no contenciosos -- Remoción de los guardadores ...
650 ## - PUNTO DE ACCESO ADICIONAL DE MATERIA--TÉRMINO DE MATERIA
Descriptor Disposiciones aplicables.
9 (RLIN) 7110
650 ## - PUNTO DE ACCESO ADICIONAL DE MATERIA--TÉRMINO DE MATERIA
Descriptor Juicios.
9 (RLIN) 7111
650 ## - PUNTO DE ACCESO ADICIONAL DE MATERIA--TÉRMINO DE MATERIA
Descriptor Procedimientos no consentidos.
9 (RLIN) 7112
942 ## - ELEMENTOS DE PUNTO DE ACCESO ADICIONAL (KOHA)
Fuente de clasificación
Tipo de item Libros-BMC
945 ## - PROCESAMIENTO DE INFORMACIÓN LOCAL (OCLC)
Catalogador rum
AAAA-MM-DD - Fecha de ingreso o modificacion 2019-05-13
Holdings
Estado de retiro (separado) Fuente de clasificación o esquema de estanterías Estado dañado Ubicación Sala donde se ubica Nombre de la colección Fecha de adquisición o compra Costo, precio normal en soles Signatura topográfica Código de Barras Última vez visto (Koha) Tipo de ítem (Koha)
No     Sala Humanidades Sala Humanidades Book Cart 2019-05-13 60.00 347.8502 / G98 / t.2 SH0000013292 2019-05-13 Libros-BMC
No     Sala Humanidades Sala Humanidades Book Cart 2019-05-13 60.00 347.8502 / G98 / t.1 SH0000013312 2019-05-13 Libros-BMC

Powered by Koha